000
00340nam a2200157Ia 4500
003
OSt
005
20240123114856.0
008
170524s9999 xx 000 0 und d
020
_a
978-1259005077
040
_c
IIMT UNIVERSITY
100
_a
Rao
100
_c
2008
245
0
_a
COUNSELLING AND GUIDANCE
260
_a
TMH
942
_2
ddc
_c
02
999
_c
2351
_d
2351